000 00424nam a22001577a 4500
999 _c30680
_d30680
008 201006b ||||| |||| 00| 0 eng d
020 _a9781510458574
050 _aBX 926.3 .C53 2019
100 _aClarke Steve
_d2019
245 _aExplore RE
_cSteve Clarke
260 _aItaly
_bhodder education ltd
_c2019
300 _a280p.
_bill.some col.
_c28cm
600 _aJan Hayes
600 _aLesley Parry
942 _2lcc
_cBOOKS